Orientaciones a las comunidades educativas en la prevención de accidentes escolares
Enregistré dans:
| Collectivité auteur: | |
|---|---|
| Format: | Livre |
| Langue: | espagnol |
| Publié: |
Santiago, Chile
Ministerio de Educación
2013
|
| Édition: | Primera edición |
| Collection: | Desarrollo Sustentable
|
| Sujets: | |
| Tags: |
Ajouter un tag
Pas de tags, Soyez le premier à ajouter un tag!
|
MARC
| LEADER | 00000cam a2200000 a 4500 | ||
|---|---|---|---|
| 001 | UCE2853 | ||
| 003 | CL-VaPUC | ||
| 005 | 20240830115117.0 | ||
| 008 | 140731e20130500cl |||||||||||||||||spa|d | ||
| 999 | |c 356393 |d 356391 | ||
| 040 | |c Pontificia Universidad Católica de Valparaíso | ||
| 082 | 0 | 4 | |a 344.075 MIN 2013 |2 21 |
| 110 | 2 | |a Ministerio de Educación |e autor |9 575407 | |
| 245 | 1 | 0 | |a Orientaciones a las comunidades educativas en la prevención de accidentes escolares |
| 250 | |a Primera edición | ||
| 260 | 0 | 3 | |a Santiago, Chile |b Ministerio de Educación |c 2013 |
| 300 | |a 24 páginas | ||
| 490 | 0 | |a Desarrollo Sustentable | |
| 583 | |a last modification |c 20150121 11:59:08 |k Rodrigo Vera | ||
| 650 | 0 | |a Accidentes |9 351162 | |
| 650 | 7 | |a RESPONSABILIDAD CIVIL |2 CL-VaPUC |9 575408 | |
| 650 | 0 | |a Prevención de riesgos |9 387495 | |
| 942 | |c BK |2 ddc | ||
| 945 | |d 20140731 15:45:00 |a dcastane | ||
| 952 | |0 0 |1 0 |2 ddc |3 erb |4 0 |6 344_075000000000000_MIN_2013 |7 0 |8 A |9 463705 |a BIBEDU |b BIBEDU |i 5092256 |o 344.075 MIN 2013 |p 5092256 |r 2019-11-23 |t 1 |w 2019-11-23 |y BK |z Catalogado en:20140731 |k EDU | ||
| 952 | |0 0 |1 0 |2 ddc |3 erb |4 0 |6 344_075000000000000_MIN_2013 |7 0 |8 A |9 463706 |a BIBEDU |b BIBEDU |i 5092264 |o 344.075 MIN 2013 |p 5092264 |r 2019-11-23 |t 2 |w 2019-11-23 |y BK |z Catalogado en:20140731 |k EDU | ||
| 952 | |0 0 |1 0 |2 ddc |3 erb |4 0 |6 344_075000000000000_MIN_2013 |7 0 |8 A |9 463707 |a BIBEDU |b BIBEDU |i 5092272 |o 344.075 MIN 2013 |p 5092272 |r 2019-11-23 |t 3 |w 2019-11-23 |y BK |z Catalogado en:20140731 |k EDU | ||
| 952 | |0 0 |1 0 |2 ddc |3 erb |4 0 |6 344_075000000000000_MIN_2013 |7 0 |8 A |9 463708 |a BIBEDU |b BIBEDU |i 5092280 |o 344.075 MIN 2013 |p 5092280 |r 2019-11-23 |t 4 |w 2019-11-23 |y BK |z Catalogado en:20140731 |k EDU | ||
| 952 | |0 0 |1 0 |2 ddc |3 erb |4 0 |6 344_075000000000000_MIN_2013 |7 0 |8 A |9 463709 |a BIBEDU |b BIBEDU |i 5092299 |o 344.075 MIN 2013 |p 5092299 |r 2019-11-23 |t 5 |w 2019-11-23 |y BK |z Catalogado en:20140731 |k EDU | ||